Normal view
MARC view
Entry Personal Name
001 - CONTROL NUMBER
- control field: 71967
003 - CONTROL NUMBER IDENTIFIER
- control field: dpl
005 - DATE AND TIME OF LATEST TRANSACTION
- control field: 20240925153110.0
008 - FIXED-LENGTH DATA ELEMENTS
- fixed length control field: 240925|| aca||aabn | a|a d
040 ## - CATALOGING SOURCE
- Original cataloging agency: dpl
- Transcribing agency: dpl
100 ## - HEADING--PERSONAL NAME
- Personal name: Korrapati, Raghu
670 ## - SOURCE DATA FOUND
- Source citation: Work cat.: (dpl)205897: Korrapati, Raghu, Family-Based Green Card & Citizenship:, 2024
